Sports Quiz

Random Sports Quiz
Score 0/100 Timer 20:00
1 Play Today
% Correct
Michael Schumacher
88.9%
Lewis Hamilton
88.7%
Alain Prost
88.4%
Kevin Magnussen
88.4%
Robert Kubica
88.1%
Sebastian Vettel
88%
Jacques Villeneuve
87.7%
Carlos Sainz jr
87.5%
Felipe Massa
87.4%
Jenson Button
86.6%
Charles Leclerc
86.3%
Juan Manuel Fangio
86%
Jody Scheckter
86%
Daniil Kvyat
85.9%
Nelson Piquet jr
85.6%
Nico Rosberg
85.3%
Niki Lauda
85.1%
Fernando Alonso
85%
Jack Brabham
85%
Max Verstappen
84.8%
Nigel Mansell
84.5%
Daniel Ricciardo
84.1%
Jochen Rindt
84.1%
Mario Andretti
84.1%
Aguri Suzuki
84.1%
Kimi Räikkönen
83.7%
David Coulthard
83.1%
Pastor Maldonado
82.9%
Ayrton Senna
82.8%
Timo Glock
82.6%
Valtteri Bottas
82.5%
Eddie Irvine
82.5%
Marcus Ericsson
82.3%
Jacky Ickx
82.2%
% Correct
Ronnie Peterson
82.2%
Jos Verstappen
81.3%
Alan Jones
81.3%
Keke Rosberg
81.1%
Vitaly Petrov
81.1%
Denny Hulme
81%
Gerhard Berger
80.8%
Zsolt Baumgartner
80.8%
Graham Hill
80.4%
Damon Hill
80.2%
Olivier Panis
79.6%
James Hunt
79.5%
Scott Speed
79.5%
Heinz-Harald Frentzen
79.3%
Johnny Herbert
79.3%
Takuma Sato
79.2%
Eliseo Salazar
79%
Giancarlo Fisichella
78.8%
Jarno Trulli
78.8%
Tiago Monteiro
78.5%
Anthony Davidson
78.5%
Mika Häkkinen
78.2%
John Surtees
78%
Stirling Moss
77.9%
Rubens Barrichello
77.6%
Jean Alesi
77.4%
Sebastien Bourdais
77.4%
Mika Salo
77.1%
Emerson Fittipaldi
76.7%
Rene Arnoux
76.7%
Clay Regazzoni
76.5%
Yuji Ide
76.5%
Andrea De Cesaris
76.5%
Heikki Kovalainen
76.2%
% Correct
Jackie Stewart
76.1%
Ralf Schumacher
75.9%
Sebastien Buemi
75.9%
Bruce McLaren
75.3%
Wolfgang von Trips
75.2%
Pedro De La Rosa
74.9%
Roland Ratzenberger
74.4%
Rikky von Opel
73.8%
Carlos Reutemann
73.1%
Adrian Sutil
73%
Jaime Alguersuari
71.8%
Ralph Firman
71.3%
Gilles Villeneuve
71%
Jochen Mass
70.7%
Nick Heidfeld
70.4%
Pierre Gasly
70.3%
Jim Clark
70.3%
Juan Pablo Montoya
69.7%
Nelson Piquet
69.5%
Nico Hülkenberg
68.6%
John Watson
68.4%
Riccardo Patrese
67.9%
Phil Hill
67.8%
Paul Di Resta
67.2%
Elio De Angelis
66.6%
Tomas Enge
66.3%
Kazuki Nakajima
65.2%
Christian Klien
64.5%
Derek Daly
64.5%
Sergio Perez
63.9%
JJ Lehto
62.9%
Martin Brundle
60%
Remove Ads.
Support Sporcle.
Get the best of Sporcle when you Go Orange. This ad-free experience offers more features, more stats, and more fun while also helping to support Sporcle. Thank you for becoming a member.

You're not logged in!

Compare scores with friends on all Sporcle quizzes.
OR
Log In

Show Comments

Extras

Top Quizzes Today


Score Distribution

Your Account Isn't Verified!

In order to create a playlist on Sporcle, you need to verify the email address you used during registration. Go to your Sporcle Settings to finish the process.

Report this User

Report this user for behavior that violates our Community Guidelines.

Details: